[Event "NED-ch58"]
[Site "Leeuwarden"]
[Date "2003.07.02"]
[Round "6"]
[White "Ernst, Sipke"]
[Black "Van den Doel, Erik"]
[Result "1-0"]
[WhiteElo "2475"]
[BlackElo "2588"]
[Annotator "Huzman,A"]
[PlyCount "121"]
[EventDate "2003.06.26"]
[EventType "tourn"]
[EventRounds "9"]
[EventCountry "NED"]
[EventCategory "11"]
[SourceTitle "CBM 096"]
[Source "ChessBase"]
[SourceDate "2003.09.25"]
[SourceVersion "1"]
[SourceVersionDate "2003.09.25"]
[SourceQuality "1"]

1. d4 d5 2. c4 dxc4 3. e4 Nf6 4. e5 Nd5 5. Bxc4 Nb6 6. Bd3 Nc6 7. Be3 Nb4 8.
Be4 f5 9. exf6 exf6 10. Nc3 f5 11. Bf3 N4d5 12. Nh3 $146 {In order to prevent
Bc8-e6. I would prefer Nge2 anyway.} (12. Nge2 $5 Be6 (12... Nxe3 13. fxe3 Bd6
$11) 13. Nf4 Nxf4 14. Bxf4 Bd6 15. Bxd6 Qxd6 16. Bxb7 Rd8 17. O-O O-O 18. Re1
$16 {1/2-1/2 Ostenstad,B-Madsen,D/Vettre 1993/EXT 2000 (48)}) 12... Be7 $6 (
12... Nxe3 $1 13. fxe3 Qh4+ (13... Bd6 $5) 14. Nf2 (14. Ke2 $5 Bd6 $1 (14... c6
15. Nf4 Bd6 16. g3 Qe7 17. Kf2 $13) 15. Nb5 $140 g5 $1 $17) 14... Bd6 15. g3
Qe7 16. O-O (16. e4 fxe4 17. Nfxe4 Bh3 18. Qe2 O-O 19. O-O-O Rae8 $11) 16...
O-O 17. e4 fxe4 18. Nfxe4 $11) 13. Nf4 Nxe3 14. fxe3 O-O 15. O-O $14 {[%csl
Rc8]} Bg5 16. Qb3+ Kh8 17. Kh1 Qe7 (17... Re8 18. Rae1 Qd6 19. a4 a5 20. Nb5
Qe7 21. Bh5 Rd8 22. Nc3 Bd7 $14) 18. Rae1 c6 19. a4 $36 {[%csl Rb6]} Re8 $2 {
This move results in losing an exchange.By precise play White neutralize
counterplay of Black.} (19... Qf7 $142 20. d5 $5 (20. Qxf7 $5 Rxf7 21. Bd1 $1
Re7 22. Bb3 a5 23. e4 $36) 20... Rd8 (20... Nxd5 21. Ncxd5 Rd8 22. Rd1 cxd5 23.
Bxd5 Qe7 24. Bc4 $36) 21. a5 (21. Ne6 $5 Bxe6 22. dxe6 Qc7 23. a5 Nc8 24. e4 f4
25. e5 Rb8 26. Ne4 Bh4 27. Rd1 Qxe5 28. Rd7 Qxa5 29. Rfd1 $44) (21. Rd1 Bxf4
22. exf4 Nxd5 23. Nxd5 Be6 $1 $15) 21... Bxf4 22. exf4 Nxd5 23. Nxd5 cxd5 24.
Re5 Be6 25. Rfe1 Rd6 26. Qb4 Rad8 27. Qd4 $44) 20. Bh5 $1 Be6 (20... Rd8 21. a5
$16) 21. Nxe6 Qxe6 22. d5 $1 $16 cxd5 (22... Nxd5 23. Bxe8 Rxe8 24. e4 $1 (24.
Nxd5 cxd5 25. Qxb7 f4 26. Qxa7 fxe3 $16) 24... h6 (24... b6 25. g4 $1 fxe4 (
25... Nxc3 26. Qxe6 Rxe6 27. exf5 $18 {[%csl Rh8]}) 26. Rxe4 Qg6 27. Rxe8+ Qxe8
28. Nxd5 cxd5 29. Qxd5 $18) 25. h4 $1 Nxc3 (25... Bxh4 26. exd5 $18) 26. Qxe6
Rxe6 27. exf5 Rxe1 28. Rxe1 Bxh4 29. Re8+ Kh7 30. bxc3 $18) 23. Bxe8 Rxe8 24.
e4 (24. a5 $1 Nc4 25. Qxb7 d4 (25... Nd2 26. Rf2 Bh4 27. g3 Ne4 28. Rg2 Bf6 29.
Qxd5 $18) (25... Nxe3 26. Qxa7 Qg6 27. Rf2 $16) 26. Nb5 dxe3 (26... d3 27. Nd4
Qe4 28. Qf7 Nd6 29. Qd7 d2 30. Rd1 Rd8 31. Qc7 $1 Qxe3 32. Nf3 $16) 27. Qxa7 f4
(27... e2 28. Rf2 Qd5 29. Nd4 $1 $18) 28. Qc5 Be7 29. Qd4 $16) 24... h6 $2 (
24... Nc4 $1 25. Nxd5 (25. Qxb7 dxe4 $13) 25... Nd2 26. Qh3 Nxf1 (26... Nxe4
27. Rd1 Qxd5 (27... Nd2 28. Nc7 Qe2 29. Nxe8 Nxf1 30. Qf3 $16) 28. Rxd5 Nf2+
29. Kg1 Nxh3+ 30. gxh3 g6 31. Rd7 $16) 27. Nc7 Qe7 28. Nxe8 Ne3 $1 $13) (24...
Bf6 25. e5 $1 Bxe5 26. a5 Nc4 27. Qxb7 d4 28. Nd5 Nd2 29. Nf4 Qg8 30. Nd3 Nxf1
31. Nxe5 Nd2 32. Qd7 $1 Rf8 33. Qxd4 Ne4 34. Qxa7 $16) 25. e5 $16 d4 (25... Bd2
26. Re2 Bxc3 27. Qxc3 Nxa4 28. Qa5 $16) 26. Qxe6 Rxe6 27. Nb5 d3 (27... Be3
$142 28. Rd1 Rxe5 29. Nxd4 g6 30. b3 $16) 28. Nd4 Re8 29. Nxf5 d2 (29... Nxa4
30. h4 $1 (30. Nd6 Re6 31. Nf7+ Kg8 32. Nxg5 hxg5 33. Rf2 a5) 30... d2 31. Rd1
Nxb2 32. Nd6 $1 Nxd1 33. Rxd1 $18) 30. Rd1 Nxa4 31. h4 $1 $18 Nxb2 32. Nd6 $1
Nxd1 33. Rxd1 Re6 34. hxg5 Kh7 $1 35. Rxd2 Rxe5 36. gxh6 b5 37. Ra2 Rd5 38. Nc8
Rd8 39. Ne7 Kxh6 (39... Rd7 40. Nc6 $18) 40. Rxa7 Rb8 41. Nc6 Rb6 42. Nb4 g6
43. Rd7 Kg5 44. Kh2 Rf6 45. Rb7 Rf5 46. Nc6 Kf4 47. Nd4 Rh5+ 48. Kg1 Rd5 49.
Nxb5 Kg3 50. Nc3 Re5 51. Rf7 Re3 52. Nd1 Ra3 53. Rf1 g5 54. Nf2 g4 55. Ne4+ Kh4
56. Rf4 Re3 57. Kh2 Re2 58. Ng3 Ra2 59. Rf8 (59. Rf5 $4 Rxg2+ $1 $11) 59... Rb2
60. Rh8+ Kg5 61. Rh5+ 1-0

[Event "Excelsior Cup"]
[Site "Gothenburg"]
[Date "2001.??.??"]
[Round "4"]
[White "Ahlander, Bjorn"]
[Black "Yakovich, Yuri"]
[Result "1-0"]
[WhiteElo "2424"]
[BlackElo "2534"]
[Annotator "Huzman,A"]
[PlyCount "83"]
[EventDate "2001.01.08"]
[EventType "tourn"]
[EventRounds "9"]
[EventCountry "SWE"]
[EventCategory "7"]
[SourceTitle "CBM 081"]
[Source "ChessBase"]
[SourceDate "2001.03.20"]
[SourceVersion "1"]
[SourceVersionDate "2001.03.20"]
[SourceQuality "1"]

1. d4 d5 2. c4 dxc4 3. e4 Nf6 4. e5 Nd5 5. Bxc4 Nb6 6. Bd3 Nc6 7. Be3 Nb4 8.
Be4 f5 9. exf6 exf6 10. a3 f5 11. axb4 fxe4 12. Nc3 Bf5 $5 $146 {[%mdl 8]} (
12... Bxb4 13. Qh5+ Kf8 14. Nge2 Qe8 15. Qh4 Kg8 16. O-O Bf5 17. Ng3 Bg6 18.
Ngxe4 h6 19. d5 Bxe4 20. Nxe4 Nxd5 21. Bc5 Bxc5 22. Nxc5 b6 23. Nd3 Kh7 24. Qc4
$44 {1/2-1/2 Antonsen,M-Hansen,L/Copenhagen 1996/CBM 54 ext (30)}) (12... Be6
13. Nh3 Bd6 14. Ng5 Bc4 15. Ngxe4 (15. Qg4 Bxb4 16. Nxh7 Qd7 17. Qg6+ Kd8 18.
Ng5 Re8 19. Ngxe4 Nd5 20. Bd2 (20. Kd2 c5 21. Kc1 Nxe3 22. fxe3 cxd4 23. exd4
Bd3 24. Qg5+ Be7 25. Qa5+ Kc8 26. Rd1 b6 27. Qa4 Bxe4 28. Qxd7+ Kxd7 29. Nxe4
Bb4 30. Nc3 $14 {1/2-1/2 Miton,K-Sadvakasov,D/Los Angeles Continental op 2000/
(46)}) 20... Bxc3 21. bxc3 Qc6 22. Qg5+ Kc8 23. Qf5+ Qe6 24. Qxe6+ Rxe6 25. f3
Nf6 26. Kf2 Nxe4+ 27. fxe4 Rxe4 $11 {1/2-1/2 Ehlvest,J-Volzhin,A/Koszalin 1998/
CBM 65 ext (32)}) 15... O-O $44 16. b3 Bd5 17. b5 Bxe4 $1 18. Nxe4 Bb4+ 19. Nd2
Qd5 $1 20. O-O Bxd2 $1 21. Qxd2 Qxb5 $17 {0-1 Ibragimov,I-Yakovich,Y/Russia 
(ch) 75/346 1998/Inf 75/[Yakovich,Y] (41)}) 13. Ra5 $1 Qd7 14. Qb3 (14. Re5+
Kd8 15. Qb3 Bd6 16. Ra5 Qe6 17. d5 Qg6 $13) 14... Bd6 15. Nge2 Qe6 16. d5 Qe7 (
16... Qg6 17. Ng3 (17. O-O O-O 18. Nb5 Bg4 19. Ng3 Bxg3 20. hxg3 Qf7 $11) 17...
O-O 18. Nb5 $14) 17. O-O (17. Bxb6 $6 cxb6 18. Qa4+ Bd7 19. Rxa7 O-O 20. Qa2
Rxa7 21. Qxa7 e3 $36) 17... O-O 18. Nb5 Nc8 19. Rc1 {[%cal Gb3g8] /\20.Nc7} Kh8
20. Raa1 {White had pleasant choice beetween 2 plans: increasing pressure on c
line or exchange Bd6 and penetrate to c7,what they preferred in the game.} (20.
Ned4 $5 a6 21. Nxd6 Nxd6 22. Rac5 $36) 20... a6 21. Bc5 Rb8 22. Bxd6 $1 cxd6
23. Nc7 {[%csl Re6][%cal Ge2d4,Ge2f4,Gf4e6,Gd4e6,Gc7e6]} Qf6 (23... Qf7 24. Qg3
Qf6 25. Qc3 $14 {-see game}) 24. Qc3 Qf7 $6 (24... Ne7 25. Qxf6 Rxf6 26. Nd4
$14) 25. Qd4 Ne7 26. Nf4 Qf6 27. Qxf6 Rxf6 28. h4 $14 {/=} h6 29. Ra3 Bh7 30.
g3 g5 31. hxg5 hxg5 32. Ng2 Bg8 (32... Rbf8 33. Ne6 Rg8 34. Nc7 $11) 33. Ne3
Rc8 34. Rac3 Ng6 35. Kg2 Ne5 36. Ne6 Rxc3 $2 (36... Bxe6 37. Rxc8+ Bxc8 38.
Rxc8+ Kh7 39. Rb8 Rf7 40. Rd8 Rf6 $14) 37. Rh1+ Bh7 38. bxc3 $16 Nf3 (38... Kg8
39. Nxg5 Bg6 40. Rh4 $16) 39. Ng4 Rg6 (39... Rf5 40. Rh6 $1 $18) 40. c4 (40.
Nf8 Rg7 41. Nf6 $18) 40... b6 41. Ra1 Rg8 42. Rxa6 1-0

[Event "EU-ch 4th"]
[Site "Istanbul"]
[Date "2003.06.01"]
[Round "3"]
[White "Sargissian, Gabriel"]
[Black "Kupreichik, Viktor D"]
[Result "1-0"]
[WhiteElo "2572"]
[BlackElo "2529"]
[Annotator "Huzman,A"]
[PlyCount "100"]
[EventDate "2003.05.30"]
[EventType "swiss"]
[EventRounds "13"]
[EventCountry "TUR"]
[SourceTitle "CBM 096"]
[Source "ChessBase"]
[SourceDate "2003.09.25"]
[SourceVersion "1"]
[SourceVersionDate "2003.09.25"]
[SourceQuality "1"]

1. d4 d5 2. c4 dxc4 3. e4 Nc6 4. Nf3 Bg4 5. Bxc4 Bxf3 6. Qxf3 e6 7. d5 Ne5 8.
Bb5+ (8. Qe2 Nxc4 9. Qxc4 exd5 10. Qb5+ c6 11. Qxb7 Qc8 12. Qxc8+ Rxc8 13. exd5
Bb4+ 14. Bd2 Bxd2+ 15. Nxd2 cxd5 $11 {1-0 Inkiov,V-Kupreichik,V/Minsk 1982/MCL
(36)}) 8... c6 9. Qc3 Qb6 (9... Bd6 10. dxc6 bxc6 11. Bxc6+ (11. Be2 Qh4 12.
Nd2 Qf6 13. O-O g5 14. Rd1 Ne7 15. Nc4 $18 {1-0 Vanheste,J-Shvidler,E/
Amsterdam 1988/CBM 09 (45)}) 11... Nxc6 12. Qxc6+ Kf8 (12... Ke7 13. Qb7+ Qc7
14. Qxc7+ Bxc7 15. Bg5+ Nf6 16. Nd2 $16 {1/2-1/2 Ward,C-Arkell,K/Norwich 1994/
EXT 2000 (57)}) 13. Nc3 Ne7 14. Qa6 Qc7 15. Be3 Rb8 16. Rd1 Nc8 17. h3 Rxb2 18.
O-O Qxc3 19. Bd4 {1-0 Gleizerov,E-Twardon,M/Wisla 1992/TD (19)}) (9... cxb5 10.
Qxe5 Qd6 (10... Qf6 11. Qc7 (11. Qxf6 Nxf6 12. dxe6 fxe6 13. Nc3 b4 14. Nb5 Kf7
15. e5 Nd5 $11 {0-1 Verat,L-Velikov,P/Clichy 1999/EXT 2000 (34)}) 11... Qe7 12.
Qxe7+ Bxe7 13. Nc3 a6 14. dxe6 fxe6 15. Ke2 Nf6 16. e5 Nd7 17. f4 Nc5 18. Be3
b4 19. Nd1 O-O $11 {1/2-1/2 Peng,Z-Lin Ta/Beijing 1993/EXT 97 (41)}) (10... Bd6
11. Qxg7 Qc7 12. Nc3 Be5 13. Nxb5 Qb8 14. Qg4 Nf6 15. Qf3 $18 {1-0 Passerotti,
P-Cattarinich,B/Rome 1997/EXT 2000 (33)}) 11. Qxd6 Bxd6 12. dxe6 fxe6 13. Be3 (
13. Nc3 a6 14. Be3 Nf6 (14... Be5 15. Rb1 Nf6 16. f3 Rc8 $11 {0-1 Nielsen,
C-Hartman,C/Copenhagen 1996/CBM 54 ext (42)}) 15. f3 Rc8 16. Rc1 Bb4 17. Bd2
Kf7 18. Ke2 Rc6 19. a3 Bd6 20. f4 b4 21. Na2 Nxe4 $11 {0-1 Ippolito,D-Kreiman,
B/New York 1995/EXT 2002 (43)}) 13... Nf6 14. f3 a6 15. Nd2 Rc8 16. Nb3 Nd7 17.
Rd1 Ke7 18. Bg5+ Nf6 19. Ke2 h6 20. Be3 Rc2+ 21. Rd2 Rhc8 $11 {0-1 Timoscenko,
G-Donchenko,A/Podolsk 1990/TD (41)}) 10. Qxe5 Qxb5 11. Nc3 Qa5 12. Bf4 $1 cxd5
13. exd5 Nf6 (13... Ne7 14. dxe6 Qxe5+ 15. Bxe5 fxe6 16. O-O-O Nc6 17. Rhe1 $16
) 14. O-O $1 (14. O-O-O Bc5 15. dxe6 O-O $44) 14... Rd8 (14... Nxd5 15. Rad1
Rd8 16. Bg5 Be7 17. Bxe7 Kxe7 18. Rfe1 $18) 15. dxe6 Qxe5 16. exf7+ Kxf7 17.
Bxe5 $16 Bc5 {[%cal Yf6g4]} (17... Rd2 18. Rab1 Bb4 (18... Bc5 19. Bxf6 $16)
19. a3 Ba5 20. Bxf6 gxf6 21. Ne4 $16) 18. Bxf6 $6 (18. Rae1 $5 Ng4 19. Bf4 Rhe8
20. Rxe8 Rxe8 21. h3 $16 Nxf2 $140 22. Bg3 $18) 18... gxf6 19. Rfd1 Bd4 20. Kf1
Bxc3 21. bxc3 b6 $132 {[%csl Ra2,Rc3] The Rs endgame looks rather drawish
while the incomplete gamescore leaves the question of how White managed to win
it wide open.} 22. Rab1 Rxd1+ 23. Rxd1 Rc8 24. Rd7+ Kg6 25. Rxa7 Rxc3 26. g4 b5
27. Kg2 b4 28. Ra5 b3 29. axb3 Rxb3 30. h4 Rc3 31. f3 Rb3 32. Kg3 Rb7 33. h5+
Kg7 34. Kf4 h6 35. Rf5 Kf7 36. Ke4 Rd7 37. Rc5 Kg7 38. Rd5 Re7+ 39. Kf5 Kf7 40.
Kf4 Ra7 41. Rd6 Ra5 42. Ke4 Ra7 43. Rd4 Ra5 44. Rc4 Ra7 45. Kd5 Rd7+ 46. Ke4
Re7+ 47. Kf5 Ra7 48. Rc6 Ra5+ 49. Ke4 Ra4+ 50. Ke3 Ra3+ 1-0

[Event "EU-ch 4th"]
[Site "Istanbul"]
[Date "2003.06.01"]
[Round "3"]
[White "Comas Fabrego, Luis"]
[Black "Markowski, Tomasz"]
[Result "1-0"]
[WhiteElo "2490"]
[BlackElo "2587"]
[Annotator "Huzman,A"]
[PlyCount "101"]
[EventDate "2003.05.30"]
[EventType "swiss"]
[EventRounds "13"]
[EventCountry "TUR"]
[SourceTitle "CBM 096"]
[Source "ChessBase"]
[SourceDate "2003.09.25"]
[SourceVersion "1"]
[SourceVersionDate "2003.09.25"]
[SourceQuality "1"]

1. d4 d5 2. c4 dxc4 3. e4 Nf6 4. e5 Nd5 5. Bxc4 Nb6 6. Bd3 Nc6 7. Ne2 Bg4 8. f3
Be6 9. Nbc3 Bc4 10. Bxc4 Nxc4 11. e6 fxe6 12. O-O (12. Qb3 Nb6 13. Qxe6 $1 (13.
Be3 Qd7 14. Nf4 Nd5 15. Ncxd5 exd5 16. Qxb7 Rb8 17. Qa6 Rxb2 18. O-O e6 19.
Rae1 Rb6 20. Qa4 Bb4 21. Nxe6 Bxe1 22. Rxe1 Kf7 23. Ng5+ Kg8 24. Bf2 h6 25. Ne6
Ne5 $17 {0-1 Van der Wiel,J-Van Wely,L/Brussels 1993/CBM 34 ext (55)}) 13...
Nxd4 14. Qe4 Nxe2 15. Kxe2 c6 16. Rd1 $44 {1-0 Volkov,S-Kharlov,A/Ekaterinburg
1999/CBM 75/[Huzman] (84)}) 12... g6 13. Qb3 Nb6 14. Qxe6 Qd7 (14... Nxd4 $5
15. Nxd4 (15. Qe5 Nxe2+ 16. Nxe2 (16. Qxe2 Bg7 17. Be3 O-O 18. Rad1 $44) 16...
Rg8 $13) 15... Qxd4+ 16. Be3 Qf6 17. Qb3 Qf7 18. Nb5 Qxb3 19. Nxc7+ Kd8 20.
axb3 Kxc7 21. Rfc1+ Kd6 22. Bxb6 Bg7 23. Bc5+ $36) 15. Qxd7+ $1 Kxd7 (15...
Nxd7 16. d5 Nb4 17. Nd4 $16) 16. d5 Nb4 17. Rd1 Bg7 (17... Nc2 18. Rb1 e6 19.
Bf4 Bc5+ 20. Kh1 $16 {[%csl Rc2,Rd7]}) 18. a3 Na6 (18... Nc2 19. Ra2 $18) 19.
Be3 $14 Rad8 20. Bd4 Bxd4+ 21. Rxd4 Nc5 $6 (21... e5 $5 22. dxe6+ (22. Rh4 Kc8
$132 {[%csl Rd5]}) 22... Kxe6 23. Rad1 Ke7 $14) 22. Rad1 Kc8 23. b4 Ncd7 24. a4
Kb8 25. Nf4 $16 {[%mdl 4] White's advantage is already overwhelming - due to
both the weak "e7" P and the black pieces' overall passivity.} Nf6 (25... Nf8
$142 26. a5 Nc8 27. Ne4 Nd6 28. Nc5 $16) 26. Ne6 Rc8 27. a5 Nbd7 28. b5 Ne8 29.
a6 $1 {[%mdl 32]} bxa6 (29... b6 30. Re4 Nd6 31. Re2 $18 {[%cal Ge6d4,Gd4c6]})
30. Ra4 $1 Nd6 31. Rxa6 $18 Kb7 32. Rda1 Ra8 33. Rc6 Rac8 34. Na4 Kb8 35. Ra6
$18 {[%csl Ra7,Rc7,Re7]} Rce8 36. Nc3 Nc8 37. Rc6 Nf6 38. Rxc7 Rd8 39. Nxd8
Kxc7 40. Nc6 Kd6 (40... Kb6 $142) 41. Nxa7 Kc5 42. Nc6 (42. Ne4+ $5 Kxd5 43.
Rd1+ Ke6 44. Nc5+ Kf7 45. Nc6 Nb6 46. Ne5+ $18) 42... Kc4 43. Rc1 Kd3 $132 44.
Ne4 Ke3 $2 (44... Nxe4 45. fxe4 (45. Nb4+ Kd4 46. fxe4 Kxe4 47. Rc6 Nd6 48. b6
Ra8 $132) 45... Kxe4 46. Rd1 Rf8 $16) 45. Rc3+ Kf4 46. Rd3 Re8 (46... Nxe4 47.
fxe4 Kxe4 48. Rd4+ Ke3 $132) 47. Kf2 (47. Nc5 $1 $18) 47... Nd6 (47... Nxe4+
48. fxe4 Kxe4 49. Rd4+ Kf5 50. g4+ Kg5 51. Kg3 $18) 48. g3+ Kf5 49. g4+ $1 Kf4
(49... Nxg4+ 50. fxg4+ Kxe4 51. Rd4#) 50. Nxd6 exd6 51. h4 $1 {[%csl Rf4]} 1-0

[Event "Goodricke op 13th"]
[Site "Kolkata"]
[Date "2002.03.21"]
[Round "5"]
[White "Shcherbakov, Ruslan"]
[Black "Blauert, Joerg"]
[Result "1/2-1/2"]
[WhiteElo "2539"]
[BlackElo "2390"]
[Annotator "Huzman,A"]
[PlyCount "126"]
[EventDate "2002.03.17"]
[EventType "swiss"]
[EventRounds "11"]
[EventCountry "IND"]
[SourceTitle "CBM 088"]
[Source "ChessBase"]
[SourceDate "2002.03.21"]
[SourceVersion "1"]
[SourceVersionDate "2002.03.21"]
[SourceQuality "1"]

1. d4 d5 2. c4 dxc4 3. e4 e5 4. Nf3 exd4 5. Bxc4 Bb4+ 6. Nbd2 Nc6 7. O-O Nf6 8.
e5 Nd5 9. Nb3 (9. a3 $5 Be7 (9... Bxd2 10. Bxd2 O-O 11. Bg5 Nde7 12. b4 $1 $16
{Arencibia-Barua, Kalkutta 1988}) 10. Qb3 Na5 11. Qa4+ Nc6 12. Nxd4 Nb6 13.
Nxc6 Nxa4 14. Nxd8 Bxd8 15. Ne4 $14 {Murseh-Prasad, Kalkutta 1988}) 9... Nb6
10. Bg5 (10. Bb5 Qd5 (10... Bd7 11. Bxc6 $2 (11. Nfxd4 $142 $11) 11... Bxc6 12.
Nfxd4 Bd5 13. Qg4 Qd7 $1 14. Qg3 (14. Qxg7 O-O-O 15. Qf6 Rhg8 16. g3 Kb8 $40)
14... O-O-O 15. Be3 h5 $1 16. Rfc1 h4 17. Qf4 h3 18. g3 Nc4 19. Rc2 Rhe8 20.
Rac1 c6 $17 {Hebden-K.J.Schulz, Toulouse 1990}) 11. Nfxd4 O-O (11... Bd7 12.
Bxc6 bxc6 (12... Bxc6 $2 13. Nxc6 Qxc6 14. Qg4) 13. Qe2 c5 14. Nc2 (14. Nb5 Qc6
15. Nc3 O-O $11) 14... O-O 15. Rd1 Bb5 16. Rxd5 Bxe2 17. Nxb4 cxb4 18. Rc5 Nd7
19. Rc2 Bg4 20. Bf4 Rfe8 21. h3 Bf5 22. Rxc7 Nxe5 23. Rc5 f6 24. Bxe5 Rxe5 25.
Rxe5 fxe5 26. Re1 Be6 $1 $11 {Timman-Huebner 1988}) 12. Nxc6 Qxb5 13. Nxb4 Qxb4
14. Be3 Re8 15. Rc1 Bg4 16. Qc2 Nd5 17. Bd2 Qa4 18. Rfe1 b6 19. a3 c5 20. Na1
Qxc2 21. Nxc2 Rad8 22. Bg5 Rd7 23. Ne3 $1 Nxe3 24. Bxe3 h5 25. f3 {=
Portisch-Hübner, Tilburg 1988}) 10... Be7 11. Bxe7 Qxe7 (11... Nxe7 12. Bd3 Bf5
$6 13. Nfxd4 Bxd3 14. Qxd3 O-O 15. Rad1 Qd5 16. Qe2 Nc6 (16... Qc4 $6 17. Qxc4
Nxc4 18. Rc1 Nxe5 19. Rxc7 Nd5 20. Rxb7 Rfb8 21. Rxb8+ Rxb8 22. Rd1 Nb4 23. a3
Nbd3 24. Rd2 $16 {Beljawski-Tal, Reykjavik 1988}) 17. Nxc6 (17. f4 Rad8 18. e6
Nxd4 19. Nxd4 Rfe8 20. f5 Qc5 21. exf7+ Kxf7 22. Qh5+ Kg8 23. Kh1 Nd7 24. Qg5
Nf8 $11 {Hübner}) 17... Qxc6 18. Na5 Qa4 19. Nxb7 Qxa2 $14 {Nikolic-Hübner,
Barcelona 1989}) 12. Bb5 Bd7 (12... O-O $2 13. Bxc6 bxc6 14. Qxd4 Be6 15. Rfe1
Bd5 16. Qf4 Rfe8 17. Rac1 a5 18. Nfd4 a4 19. Nf5 Qe6 20. Nbd4 Qg6 21. Ne3 $16 {
Wilder-Lazic, GMA-Open Belgrad 1988}) 13. Bxc6 Bxc6 14. Nfxd4 Bd5 15. Qg4 g6 (
15... O-O 16. f4 g6 $5 17. Nf5 Qd7 18. Nh6+ Kg7 19. Qg5 Bxb3 20. axb3 Qd8 21.
Nf5+ Kh8 22. Ne7 Nd5 $11 {I.Sokolov-Hübner, Haifa 1989}) 16. Rfe1 (16. f4 c5
17. Nb5 O-O 18. Nc3 (18. Nd6 Nc4 19. Nf5 Qe6 20. Nh6+ Kh8 21. Qg5 b6 22. Rae1
Rae8 23. Ng4 Qf5 24. Qh4 Qh5 25. Qg3 Rd8 26. e6 fxe6 27. Qc3+ Kg8 28. Nf6+ Rxf6
29. Qxf6 Rf8 $44 {1/2-1/2 Milanovic,D-Matulovic,M/Belgrade YUG 2001/ (43)})
18... Rad8 19. Rae1 f5 20. Qg3 {1/2-1/2 Khalifman,A-Ivanchuk,V/Istanbul TUR
2000/ (20)}) 16... O-O (16... Nd7 17. Rac1 c6 18. f4 O-O 19. Nf5 Qd8 20. Nc5
Kh8 21. Nh6 f5 22. Qh3 Qe7 23. Nd3 Be6 24. b3 Nb6 25. g4 fxg4 26. Qg3 Qd8 $17 {
1-0 Sorin,A-Spangenberg,H/Buenos Aires 1993/EXT 98 (51)}) (16... h5 17. Qh3 O-O
18. f4 c5 19. Nb5 Nc4 20. f5 Qg5 21. Nc7 Rad8 22. e6 fxe6 23. Nxe6 Bxe6 24.
fxe6 $16 {0-1 Hegeler,F-Putzbach,G/Hamburg 1990/EXT 97 (39)}) (16... Rd8 17. e6
Qf6 18. Nb5 fxe6 19. Nxc7+ Kf7 20. Nc5 $16 {1/2-1/2 Dreev,A-Grischuk,A/Wijk
aan Zee NED 2002/(87)}) (16... c5 17. e6 f6 18. Nb5 O-O 19. Nc3 $14 {1-0 Izeta
Txabarri,F-Schulz,K/San Sebastian 1990/EXT 2000 (40)}) 17. Nf5 Qd7 18. Nh6+ Kg7
(18... Kh8 19. Qf4 f5 (19... Qe7 20. Ng4 Nd7 21. Rad1 Be6 22. Nf6 {/\ Rd7} Kg7
23. Nxd7 Bxd7 24. Qf6+ $18) 20. e6 Qg7 21. Nf7+ Kg8 22. Nh6+ Kh8 23. Nf7+ Kg8
24. Nc5 Rae8 $14 {0-1 Petursson,M-Spangenberg,H/Linares 1995/CBM 45 ext (39)})
19. Qg5 Be6 $146 (19... f6 20. exf6+ Rxf6 21. Re7+ $6 (21. Nd4 $1 $16) 21...
Qxe7 22. Nf5+ Rxf5 23. Qxe7+ Rf7 $14 {1/2-1/2 Kasparov,G-Huebner,R/Skelleftea
1989/Inf 48/[Huebner,R] (61)}) 20. Nc5 (20. Qf6+ Kxh6 21. Re4 Bg4 22. Qf4+ Kg7
23. Qxg4 Qxg4 24. Rxg4 Rad8 $11) (20. Rad1 Nd5 21. Nd4 Qd8 22. Nhf5+ Kh8 23.
Nxe6 fxe6 24. Qxd8 Raxd8 25. Nd4 Nf4 26. Nb5 Nd3 27. Rf1 Rf7 $11) 20... Qd8 21.
h4 Nd5 (21... Qxg5 22. hxg5 Rad8 23. Rac1 Bxa2 24. e6 $36) 22. Rac1 (22. Nxb7
Qxg5 23. hxg5 Rab8 24. Nc5 Rxb2 $17) 22... b6 23. Nxe6+ fxe6 24. Rc6 Qd7 25.
Rec1 $14 Rac8 26. Ng4 Rf5 (26... Nb4 27. Qh6+ Kg8 28. Nf6+ Rxf6 29. exf6 Nxc6
30. Rxc6 Re8 31. h5 Qd1+ 32. Kh2 Qxh5+ 33. Qxh5 gxh5 34. Rxc7 $16) 27. Nf6 (27.
Qh6+ Kh8 28. g3 $36) 27... Rxg5 (27... Nxf6 28. exf6+ Kg8 29. Qg3 Rxf6 30. Rxc7
Rxc7 31. Rxc7 $36) 28. Nxd7 Rf5 {[%cal Yf5f7]} 29. Nf6 (29. Rxe6 Rf7 30. Nf6
Nf4 $15) 29... Rxe5 30. Nxd5 Rxd5 31. Rxc7+ Rxc7 32. Rxc7+ Kh6 33. Rxa7 Rd1+
34. Kh2 Rd2 35. f3 (35. b4 Rxf2 36. b5 Rb2 37. a4 Rb4 38. Kg3 g5 $11) 35...
Rxb2 36. Kh3 g5 $11 37. Re7 Re2 38. a4 gxh4 39. Rb7 Ra2 40. Rxb6 Rxa4 41. Rxe6+
Kg5 42. Re8 h6 43. Rg8+ Kh5 44. Kh2 Ra1 45. Re8 Ra4 46. Re5+ Kg6 47. Kg1 Ra2
48. Rb5 Rc2 49. Kh2 Rc4 50. Rb2 Kg5 51. Kh3 Ra4 52. Kh2 Ra1 53. Re2 Rb1 54.
Re5+ Kg6 55. Kh3 Rb4 56. Re1 Kg5 57. Kh2 Ra4 58. Re5+ Kg6 59. Kg1 Ra2 60. Re8
Kg5 61. Rg8+ Kh5 62. Rb8 Kg5 63. Re8 Rc2 1/2-1/2